<?xml version="1.0" encoding="UTF-8"?>
<record
    xmlns:xsi="http://www.w3.org/2001/XMLSchema-instance"
    xsi:schemaLocation="http://www.loc.gov/MARC21/slim http://www.loc.gov/standards/marcxml/schema/MARC21slim.xsd"
    xmlns="http://www.loc.gov/MARC21/slim">

  <leader>02296njm a2200397Ia 4500</leader>
  <controlfield tag="001">20986</controlfield>
  <controlfield tag="003">IT-RoPAU</controlfield>
  <controlfield tag="005">20220918181211.0</controlfield>
  <controlfield tag="008">131025s9999    xx            000 0 und d</controlfield>
  <datafield tag="040" ind1=" " ind2=" ">
    <subfield code="a">IT-RoPAU</subfield>
  </datafield>
  <datafield tag="040" ind1=" " ind2=" ">
    <subfield code="c">IT-RoPAU</subfield>
  </datafield>
  <datafield tag="041" ind1=" " ind2=" ">
    <subfield code="a">ITALIANO</subfield>
  </datafield>
  <datafield tag="999" ind1=" " ind2=" ">
    <subfield code="c">103719</subfield>
    <subfield code="d">103719</subfield>
  </datafield>
  <datafield tag="999" ind1=" " ind2=" ">
    <subfield code="b">n.d.</subfield>
  </datafield>
  <datafield tag="100" ind1=" " ind2=" ">
    <subfield code="a">AA.VV.</subfield>
    <subfield code="9">794</subfield>
  </datafield>
  <datafield tag="100" ind1=" " ind2=" ">
    <subfield code="e">Autore musica</subfield>
    <subfield code="9">4389</subfield>
  </datafield>
  <datafield tag="100" ind1=" " ind2=" ">
    <subfield code="g">Codice autore musica SPICS: 12000</subfield>
    <subfield code="9">796</subfield>
  </datafield>
  <datafield tag="245" ind1=" " ind2=" ">
    <subfield code="a">Lucia Rango Show (Lp Tlp 102)</subfield>
  </datafield>
  <datafield tag="250" ind1=" " ind2=" ">
    <subfield code="a">1a ed.</subfield>
  </datafield>
  <datafield tag="260" ind1=" " ind2=" ">
    <subfield code="a">ROMA</subfield>
  </datafield>
  <datafield tag="260" ind1=" " ind2=" ">
    <subfield code="b">SIBILLA</subfield>
  </datafield>
  <datafield tag="300" ind1=" " ind2=" ">
    <subfield code="a">DISCO</subfield>
  </datafield>
  <datafield tag="300" ind1=" " ind2=" ">
    <subfield code="c">39 minuti (Testo:  pag.)</subfield>
  </datafield>
  <datafield tag="500" ind1=" " ind2=" ">
    <subfield code="a">Musica leggera. Canzone italiana</subfield>
  </datafield>
  <datafield tag="505" ind1=" " ind2=" ">
    <subfield code="a">Samba per un amore (3:00) - Il tuo volto (4:00) - Stasera resta qui (3:00) - Primavera a Roma (3:00) - Ti ho sognato (3:00) - Sono stanca (3:00) - Non chiedermi pi&#xF9; (2:00) - Qualcuno torner&#xE0; (3:00) - Fino all'ultimo minuto (3:00) - Quando il giorno torner&#xE0; (3:00) - Hai lasciato a casa il tuo sorriso (3:00) - E dai (3:00) - L'angelo (3:00) - In una strada qualunque (3:00)</subfield>
  </datafield>
  <datafield tag="511" ind1=" " ind2=" ">
    <subfield code="a">Rango Lucia</subfield>
  </datafield>
  <datafield tag="511" ind1=" " ind2=" ">
    <subfield code="a">Orchestra Elvio Monti</subfield>
  </datafield>
  <datafield tag="650" ind1=" " ind2=" ">
    <subfield code="a">CANZONE [DISCHI]</subfield>
    <subfield code="e">Codice MATERIA SPICS: 9950</subfield>
    <subfield code="9">920</subfield>
  </datafield>
  <datafield tag="700" ind1=" " ind2=" ">
    <subfield code="a">Monti Elvio</subfield>
    <subfield code="g">Codice autore musica SPICS: 11030</subfield>
    <subfield code="e">Autore musica</subfield>
    <subfield code="p">Samba per un amore - Il tuo volto - Stasera resta qui - Primavera a Roma - Ti ho sognato - Sono stanca - In una strada qualunque</subfield>
    <subfield code="9">4390</subfield>
  </datafield>
  <datafield tag="700" ind1=" " ind2=" ">
    <subfield code="a">Ciampi P.</subfield>
    <subfield code="g">Codice autore testo/musica SPICS: 24217</subfield>
    <subfield code="e">Autore testo/musica</subfield>
    <subfield code="p">Samba per un amore - Il tuo volto - Stasera resta qui - Primavera a Roma - Ti ho sognato - Sono stanca</subfield>
    <subfield code="9">4391</subfield>
  </datafield>
  <datafield tag="700" ind1=" " ind2=" ">
    <subfield code="a">Litaliano</subfield>
    <subfield code="g">Codice autore musica SPICS: 24536</subfield>
    <subfield code="e">Autore musica</subfield>
    <subfield code="p">Non chiedermi pi&#xF9; - Qualcuno torner&#xE0; - Fino all'ultimo minuto - Quando il giorno torner&#xE0; - Hai lasciato a casa il tuo sorriso</subfield>
    <subfield code="9">4392</subfield>
  </datafield>
  <datafield tag="700" ind1=" " ind2=" ">
    <subfield code="a">Reverberi G.F.</subfield>
    <subfield code="g">Codice autore testo/musica SPICS: 24650</subfield>
    <subfield code="e">Autore testo/musica</subfield>
    <subfield code="p">Fino all'ultimo minuto - Quando il giorno torner&#xE0; - Hai lasciato a casa il tuo sorriso</subfield>
    <subfield code="9">4393</subfield>
  </datafield>
  <datafield tag="700" ind1=" " ind2=" ">
    <subfield code="a">Leman</subfield>
    <subfield code="g">Codice autore musica SPICS: 24147</subfield>
    <subfield code="e">Autore musica</subfield>
    <subfield code="p">E dai - L'angelo</subfield>
    <subfield code="9">4394</subfield>
  </datafield>
  <datafield tag="700" ind1=" " ind2=" ">
    <subfield code="a">Pelleus</subfield>
    <subfield code="g">Codice autore testo/musica SPICS: 24144</subfield>
    <subfield code="e">Autore testo/musica</subfield>
    <subfield code="p">E dai - L'angelo</subfield>
    <subfield code="9">4395</subfield>
  </datafield>
  <datafield tag="700" ind1=" " ind2=" ">
    <subfield code="a">Sciamanna R.</subfield>
    <subfield code="g">Codice autore musica SPICS: 24537</subfield>
    <subfield code="e">Autore musica</subfield>
    <subfield code="p">In una strada qualunque</subfield>
    <subfield code="9">4396</subfield>
  </datafield>
  <datafield tag="942" ind1=" " ind2=" ">
    <subfield code="c">MD</subfield>
    <subfield code="2">ddc</subfield>
  </datafield>
  <datafield tag="952" ind1=" " ind2=" ">
    <subfield code="0">0</subfield>
    <subfield code="1">0</subfield>
    <subfield code="4">0</subfield>
    <subfield code="6">20986_000000000000000</subfield>
    <subfield code="7">1</subfield>
    <subfield code="a">SPICS</subfield>
    <subfield code="b">SPICS</subfield>
    <subfield code="d">2013-10-25</subfield>
    <subfield code="l">0</subfield>
    <subfield code="o">20986</subfield>
    <subfield code="r">2013-10-25 00:00:00</subfield>
    <subfield code="w">2013-10-25</subfield>
    <subfield code="y">MD</subfield>
    <subfield code="z">Progr. Ins.: 4288 / N.Vol.: 1 / Copie: 1 - Copia rara: n.d. / date import: 01.01.2014 - By Epidotti, Trombetti, Vaglietti</subfield>
  </datafield>
</record>
